000 00445nam a22001577a 4500
999 _c3439
_d3439
008 200615b ||||| |||| 00| 0 eng d
020 _a9780750689847
082 0 0 _a623.87236
_bW9128
245 1 0 _aPounder's marine diesel engines /
_cedited by Doug Woodyard
250 _a9th ed.
260 _aLondon :
_bButterworth - Heinnemann,
_c2013.
300 _a355 p.
650 0 _aDiesel Engines
700 _91377
_aWoodyard, Doug
_eeditor
942 _cBK